| 000 | 01061nac a22002651u 4500 | ||
|---|---|---|---|
| 010 | _a 2007273943 | ||
| 020 | _a0596527403 (pbk.) | ||
| 020 | _a9780596527402 : | ||
| 082 |
_a006.74 22 _bGOO |
||
| 090 |
_c8956 _d8956 |
||
| 100 | _aGoodman, Danny | ||
| 245 | 1 | 0 |
_aDynamic HTML : the definitive reference / _cDanny Goodman. |
| 250 | _a3rd ed. | ||
| 260 |
_aBeijing ; _aSebastopol, CA : _bO'Reilly,2007. _cc2007 |
||
| 300 |
_a1307 p. : _bill. ; _c24 cm. |
||
| 500 | _a"A comprehensive resource for HTML, CSS, DOM, & JavaScript"--Cover. | ||
| 500 | _aIncludes index. | ||
| 500 | _aDistributer: Bacca | ||
| 511 | _aCatalogued by: Sara | ||
| 650 | 0 | _aDHTML (Document markup language) | |
| 856 | 4 | 1 |
_3Table of contents only _uhttp://www.loc.gov/catdir/toc/fy0710/2007273943.html |
| 856 | 4 | 1 |
_3Publisher description _uhttp://www.loc.gov/catdir/enhancements/fy0715/2007273943-d.html |
| 942 |
_cTB _k006.74 22 GOO |
||
| 999 |
_c8956 _d8956 |
||